Labour Market Flexibility and Economic Growth in Africa
Informácie o reguláciách trhu práce (jeho pružnosti) a ich dopadoch na hospodársky rast v Afrike. Skúmanie vplyvu flexibility trhu práce na ekonomický rast (reálny rast HDP na obyvateľa) v afrických krajinách. Ekonomický rast sa zvyšuje o približne 0,16 % v dôsledku nárastu o jednotku na flexibilnom...
Salvato in:
| Autore principale: | |
|---|---|
| Altri autori: | , , , |
| Natura: | Capitolo di libro |
| Lingua: | inglese |
| Soggetti: | |
| Tags: |
Nessun Tag, puoi essere il primo ad aggiungerne!!
|
MARC
| LEADER | 00000naa a2200000 4500 | ||
|---|---|---|---|
| 001 | 0296178 | ||
| 005 | 20230926104944.1 | ||
| 041 | 0 | |a eng | |
| 044 | |a CZ | ||
| 245 | 1 | 0 | |a Labour Market Flexibility and Economic Growth in Africa |c Joseph Eshun, Emmanuel Acheampong, King David Kweku Botchway, Morié Guy-Roland N’Drin, Divine Adzove |
| 520 | |a Informácie o reguláciách trhu práce (jeho pružnosti) a ich dopadoch na hospodársky rast v Afrike. Skúmanie vplyvu flexibility trhu práce na ekonomický rast (reálny rast HDP na obyvateľa) v afrických krajinách. Ekonomický rast sa zvyšuje o približne 0,16 % v dôsledku nárastu o jednotku na flexibilnom trhu práce. Zistilo sa, že ekonomický rast (reálny rast HDP na obyvateľa) je vysoký v krajinách, ktoré majú predpisy o flexibilnej pracovnej dobe, flexibilné povinné náklady na prepustenie pracovníkov, a absenciu (alebo nie prísne vynucovanú) vojenskú brannú povinnosť. | ||
| 610 | 2 | 0 | |a trh práce |
| 610 | 2 | 0 | |a Afrika |
| 610 | 2 | 0 | |a vojenstvo |
| 610 | 2 | 0 | |a zamestnanci |
| 610 | 2 | 0 | |a zamestnanie |
| 610 | 2 | 0 | |a zamestnanosť |
| 610 | 2 | 0 | |a prepúšťanie pracovníkov |
| 610 | 2 | 0 | |a rast hospodársky |
| 100 | 1 | |a Eshun, Joseph | |
| 700 | 1 | |a Acheampong, Emmanuel | |
| 700 | 1 | |a Botchway, King David Kweku | |
| 700 | 1 | |a N’Drin, Morié Guy-Roland | |
| 700 | 1 | |a Adzove, Divine | |